| 000 | 00488nam a2200181 4500 | ||
|---|---|---|---|
| 001 | VA24556 | ||
| 003 | ES-SlBCS | ||
| 005 | 20210601153933.0 | ||
| 008 | 140520s1971 xxu||||| |||| 00| 0 spa d | ||
| 041 | _aspa | ||
| 100 | 1 |
_aJaccard, Roland _927008 |
|
| 245 | 1 | 0 |
_aLa adolescencia. Perfil psicológico _cRoland Jaccard; Eloy Requena |
| 260 |
_aMadrid : _bStudium _c, 1971 |
||
| 300 |
_a102 p.; _c18 cm |
||
| 650 |
_aAdolescencia _9126119 |
||
| 700 | 1 | 0 |
_aRequena, Eloy _994473 |
| 942 | _cBK | ||
| 999 |
_c797897 _d797897 |
||